Principales of communication systems (Record no. 5211)
[ view plain ]
| 000 -LEADER | |
|---|---|
| fixed length control field | 00665nam a2200193Ia 4500 |
| 003 - CONTROL NUMBER IDENTIFIER | |
| control field | SGT |
| 020 ## - INTERNATIONAL STANDARD BOOK NUMBER | |
| International Standard Book Number | 9780070648111 |
| 082 ## - DEWEY DECIMAL CLASSIFICATION NUMBER | |
| Classification number | 621.381 |
| Item number | TUB |
| 100 ## - MAIN ENTRY--PERSONAL NAME | |
| Personal name | Taub,Herbert |
| 245 ## - TITLE STATEMENT | |
| Title | Principales of communication systems |
| 250 ## - EDITION STATEMENT | |
| Edition statement | 3rd Ed. |
| 260 ## - PUBLICATION, DISTRIBUTION, ETC. (IMPRINT) | |
| Name of publisher, distributor, etc | Tata McGraw Hill Education Private Limited |
| Place of publication, distribution, etc | New Delhi |
| Year of Publication | 2009 |
| 300 ## - PAGE DESCRIPTION | |
| No. of Pages | 842p. |
| 650 ## - SUBJECT ADDED ENTRY--TOPICAL TERM | |
| Topical term or geographic name as entry element | ELECTRONICS ENGINEERING |
| 653 ## - KEYWORDS--INDEX TERM | |
| Keyword term | INTRODUCTION:SIGNAL AND SPECTRA,RANDOM VARIABLE AND PROCESSES,AMPLITUDE-MODULATION SYSTEMS,ANGLE MODULATION,PHASE LOCKED LOOPS,OPTIMAL RECEPTION OF DIGITAL SIGNAL,INFORMATION THEORY AND CODING |
| 700 ## - ADDED ENTRY--PERSONAL NAME | |
| Personal name | Saha,G |
| 700 ## - ADDED ENTRY--PERSONAL NAME | |
| Personal name | Schilling,Donald,L. |
| 942 ## - ADDED ENTRY ELEMENTS (KOHA) | |
| Source of classification or shelving scheme | Dewey Decimal Classification |
| Koha item type | Books |
| Withdrawn status | Lost status | Source of classification or shelving scheme | Damaged status | Not for loan | Home library | Current library | Date acquired | SGTU | Total Checkouts | Full call number | Accession No. (Barcode) | Date last seen | Bill Date | Koha item type |
|---|---|---|---|---|---|---|---|---|---|---|---|---|---|---|
| Dewey Decimal Classification | SGT Engineering Library | SGT Engineering Library | 24/06/2011 | SGTU | 621.381 TUB | FE3291 | 09/02/2015 | 09/02/2015 | Books | |||||
| Dewey Decimal Classification | SGT Engineering Library | SGT Engineering Library | 24/06/2011 | SGTU | 621.381 TUB | FE3292 | 09/02/2015 | 09/02/2015 | Books | |||||
| Dewey Decimal Classification | SGT Engineering Library | SGT Engineering Library | 24/06/2011 | SGTU | 621.381 TUB | FE3293 | 09/02/2015 | 09/02/2015 | Books | |||||
| Dewey Decimal Classification | SGT Engineering Library | SGT Engineering Library | 24/06/2011 | SGTU | 621.381 TUB | FE3294 | 09/02/2015 | 09/02/2015 | Books | |||||
| Dewey Decimal Classification | SGT Engineering Library | SGT Engineering Library | 24/06/2011 | SGTU | 621.381 TUB | FE3295 | 09/02/2015 | 09/02/2015 | Books |